000 00488nam a2200181Ia 4500
008 131103s9999 xx 000 0 und d
020 _cRs.8
040 _aLoreto College
041 _aEnglish
082 _a891.43/KHA
_bLCLIB/17001
100 _aKhandellwal,Jaykrishanprasad
245 _aHindi Sahitya ki parateritya
_cJaykrishanprasad Khandellwal
260 _aAgra
_bVinod Pustak Mandir
_c1967
300 _a616 p.
_c 21 cm.
650 _aHindi
850 _aLCLIB
942 _cBK
999 _c17811
_d68290